00450nam a2200169 a 4500008004100000050001600041100001300057245006000070260003500130300001500165350000900180650002900189650001300218700001600231700001600247700001700263120416s1967 ||||||||||||||||| || u aHD 6953 Soc aChild, J14aThe sociology of industrycby S. R. Parker (and others) aLondon:bAllen and Unwinc1967 axii, 182p. a0.00 aINDUSTRY--SOCIAL ASPECTS aINDUSTRY aBrown, R. K aSmith, M. A aParker, S. R